[Event "XVII Festival Conca della Presolana Magistrale"]
[Site "Bratto - Castione della Presolana ITA"]
[Date "1997.08.??"]
[Round "9"]
[White "Menoni, Vincenzo"]
[Black "Marchini, Massimo"]
[Result "1-0"]
[WhiteElo "2270"]
[BlackElo "2150"]
[PlyCount "70"]
[EventDate "1997.08.21"]

1. e4 c5 2. Nf3 Nc6 3. d4 cxd4 4. Nxd4 Nf6 5. Nc3 d6 6. Bc4 e6 7. Be3 Be7 8.
Qe2 a6 9. O-O-O Qc7 10. Bb3 Na5 11. g4 Nxb3+ 12. axb3 b5 13. g5 Nd7 14. h4 Bb7
15. f3 O-O-O 16. Kb1 Kb8 17. h5 g6 18. Qd2 Nc5 19. hxg6 hxg6 20. Rh6 Rxh6 21.
gxh6 Rh8 22. Nde2 b4 23. Qd4 Rh7 24. Qxb4 g5 25. Rh1 Qd8 26. Qd4 Qf8 27. b4 Nd7
28. Qa7+ Kc8 29. b5 Nb8 30. bxa6 Nxa6 31. Na4 Nb8 32. Nd4 Nd7 33. Nb5 Bd8 34.
Bb6 Nb8 35. Bxd8 Qxd8 1-0

[Event "XVII Festival Conca della Presolana Magistrale"]
[Site "Bratto - Castione della Presolana ITA"]
[Date "1997.08.??"]
[Round "9"]
[White "Mione, Dario"]
[Black "Grosar, Kiti"]
[Result "1-0"]
[WhiteElo "2295"]
[BlackElo "2190"]
[PlyCount "111"]
[EventDate "1997.08.21"]

1. Nf3 Nf6 2. c4 g6 3. b3 Bg7 4. Bb2 O-O 5. e3 d6 6. d4 e5 7. dxe5 Nfd7 8. Nc3
Nxe5 9. Be2 Nbc6 10. Qd2 Bf5 11. Nd4 Nxd4 12. exd4 Nc6 13. Nd5 Be4 14. Ne3 Qg5
15. O-O-O a5 16. f3 Bh6 17. Ng4 Qxg4 18. Qxh6 Qxg2 19. fxe4 Qxe2 20. Rde1 Qf3
21. Rhf1 Qd3 22. Rf2 Nb4 23. Ba1 a4 24. d5 f6 25. Re3 Nxa2+ 26. Rxa2 Qf1+ 27.
Kd2 Qb1 28. Ra3 axb3 29. Rexb3 Qxe4 30. Qe3 Qg2+ 31. Qe2 Qg5+ 32. Kc2 Qf5+ 33.
Kc1 Qf4+ 34. Kb1 Qf5+ 35. Kb2 Rae8 36. Re3 Rxe3 37. Rxe3 Qf4 38. Re4 Qg5 39.
Re7 Qg1 40. Qe6+ Kh8 41. Qe2 Qd4+ 42. Kb1 Qg1+ 43. Qe1 Qxe1+ 44. Rxe1 Rf7 45.
Re6 Kg7 46. h4 Kh6 47. Bxf6 Kh5 48. Bd8 h6 49. Re7 Rxe7 50. Bxe7 g5 51. hxg5
hxg5 52. Bd8 c6 53. Bc7 cxd5 54. cxd5 Kg6 55. Bxd6 Kf5 56. Bg3 1-0

[Event "XVII Festival Conca della Presolana Magistrale"]
[Site "Bratto - Castione della Presolana ITA"]
[Date "1997.08.??"]
[Round "9"]
[White "Ortega, Lexy"]
[Black "Zelcic, Robert"]
[Result "0-1"]
[WhiteElo "2470"]
[BlackElo "2530"]
[PlyCount "120"]
[EventDate "1997.08.21"]

1. Nf3 Nf6 2. c4 e6 3. Nc3 Bb4 4. Qc2 O-O 5. a3 Bxc3 6. Qxc3 d6 7. b4 e5 8. Bb2
Re8 9. e3 Nbd7 10. d3 a5 11. Be2 Nb6 12. Qc2 Bf5 13. O-O Qd7 14. b5 e4 15. dxe4
Bxe4 16. Qc1 Qf5 17. Nd4 Qg6 18. f3 Bd3 19. e4 Bxe2 20. Nxe2 Nfd7 21. Nf4 Qg5
22. Nd5 Qxc1 23. Raxc1 Na4 24. Bd4 Rac8 25. Rc2 f6 26. g4 c6 27. bxc6 bxc6 28.
Ne3 g6 29. Rd2 Rb8 30. Ba1 Re6 31. Rfd1 Rb3 32. Rd3 Rxd3 33. Rxd3 Ndc5 34. Rd1
Nb3 35. Nc2 Kf7 36. Rb1 Nd2 37. Rb7+ Re7 38. Rxe7+ Kxe7 39. Kg2 Nxc4 40. Nd4 c5
41. Nc2 Ke6 42. h4 h6 43. f4 Nd2 44. f5+ Kf7 45. Ne3 Nxe4 46. fxg6+ Kxg6 47.
Nd5 Kf7 48. Kf3 Nd2+ 49. Ke2 Nb3 50. Bxf6 Ke6 51. g5 hxg5 52. h5 Nb6 53. Nxb6
Kxf6 54. Kd3 Kg7 55. Ke4 Kh6 56. Nc4 Kxh5 57. Nxd6 Kh4 58. Kd5 g4 59. Kc4 a4
60. Kb5 g3 0-1

[Event "XVII Festival Conca della Presolana Magistrale"]
[Site "Bratto - Castione della Presolana ITA"]
[Date "1997.08.??"]
[Round "9"]
[White "Pagnoncelli, Marco"]
[Black "Ranieri, Fabrizio"]
[Result "0-1"]
[WhiteElo "2090"]
[BlackElo "2200"]
[PlyCount "90"]
[EventDate "1997.08.21"]

1. e4 e6 2. d4 d5 3. exd5 exd5 4. Nf3 Bd6 5. c4 Nf6 6. Bd3 Qe7+ 7. Be2 Bb4+ 8.
Nc3 O-O 9. O-O dxc4 10. Bxc4 Bg4 11. Bg5 Bxc3 12. bxc3 Nbd7 13. Re1 Qd6 14. Bh4
Qc6 15. Qd3 Rae8 16. Bb5 Qd5 17. Bg3 Bf5 18. Qf1 Rxe1 19. Nxe1 Ne4 20. Bxc7
Nxc3 21. Bxd7 Qxd7 22. Be5 Rc8 23. Nf3 f6 24. Bf4 Be4 25. Nd2 Qxd4 26. Be3 Qa4
27. Nxe4 Nxe4 28. Qd3 b6 29. Qd5+ Kh8 30. Rd1 Nc3 31. Qd8+ Qe8 32. Qxe8+ Rxe8
33. Rd7 a5 34. h3 b5 35. a3 h6 36. Rb7 Rd8 37. Kh2 Rd5 38. Bb6 b4 39. axb4 axb4
40. Rc7 Na4 41. Be3 b3 42. Rc1 b2 43. Rb1 Rb5 44. Bd2 Rb3 45. Kg1 Ra3 0-1

[Event "XVII Festival Conca della Presolana Magistrale"]
[Site "Bratto - Castione della Presolana ITA"]
[Date "1997.08.??"]
[Round "9"]
[White "Pegoraro, Nicola"]
[Black "Cugini, Verter"]
[Result "1/2-1/2"]
[WhiteElo "2115"]
[BlackElo "2215"]
[PlyCount "83"]
[EventDate "1997.08.21"]

1. e4 e6 2. d4 d5 3. e5 c5 4. c3 Nc6 5. Be3 Qb6 6. Qd2 cxd4 7. cxd4 Nge7 8. Bd3
Nf5 9. Nf3 Be7 10. Nc3 Nxe3 11. fxe3 Bd7 12. O-O a6 13. Kh1 Nd8 14. Rf2 Bb5 15.
Nxb5 axb5 16. Qe2 b4 17. b3 Rc8 18. Bb5+ Nc6 19. Raf1 O-O 20. Bd3 f5 21. Ng1 g6
22. Nh3 Rce8 23. Bb5 Qd8 24. Rc1 Qd7 25. Qf1 Rc8 26. Rfc2 Rc7 27. Nf4 Bg5 28.
Qe1 Bxf4 29. exf4 Rfc8 30. Rc5 Qe7 31. Bxc6 Rxc6 32. Qxb4 Rxc5 33. Rxc5 Rxc5
34. dxc5 g5 35. g3 gxf4 36. gxf4 Qh4 37. Qd2 Kf7 38. b4 Qg4 39. a4 Qf3+ 40. Kg1
Ke7 41. b5 Kd7 42. Qb4 1/2-1/2

[Event "XVII Festival Conca della Presolana Magistrale"]
[Site "Bratto - Castione della Presolana ITA"]
[Date "1997.08.??"]
[Round "9"]
[White "Profumo, Alberto"]
[Black "Milocco, Franco"]
[Result "0-1"]
[WhiteElo "2250"]
[BlackElo "2365"]
[PlyCount "80"]
[EventDate "1997.08.21"]

1. Nf3 c5 2. g3 g6 3. Bg2 Bg7 4. e4 d6 5. O-O Nc6 6. d3 Nf6 7. Nc3 O-O 8. h3
Rb8 9. Be3 Nd7 10. Qd2 Nd4 11. Nh4 b5 12. f4 b4 13. Nd1 a5 14. f5 Ne5 15. Rf2
Qb6 16. Bh6 c4 17. Bxg7 Kxg7 18. Ne3 cxd3 19. cxd3 Bb7 20. Nc4 Qc5 21. Re1 Rbc8
22. Kh2 b3 23. a3 Ba6 24. fxg6 hxg6 25. Rd1 Bxc4 26. dxc4 Nc2 27. Bf1 Qe3 28.
Qxe3 Nxe3 29. Re1 Nxf1+ 30. Rexf1 Rxc4 31. Rd1 Rxe4 32. Kg2 Rc8 33. Nf3 Nxf3
34. Kxf3 Rec4 35. Rd3 a4 36. Ke3 f5 37. Rfd2 Kf6 38. h4 Rc2 39. Rd4 Rxd2 40.
Rxd2 Rc4 0-1

[Event "XVII Festival Conca della Presolana Magistrale"]
[Site "Bratto - Castione della Presolana ITA"]
[Date "1997.08.??"]
[Round "9"]
[White "Quagliarella, Sabino Remo"]
[Black "Lovati, Paolo"]
[Result "0-1"]
[WhiteElo "1892"]
[BlackElo "2135"]
[PlyCount "74"]
[EventDate "1997.08.21"]

1. d4 d6 2. e4 Nf6 3. Nc3 g6 4. f4 Bg7 5. Nf3 O-O 6. Bd3 Na6 7. O-O c5 8. d5
Bg4 9. h3 Bxf3 10. Qxf3 Nb4 11. a3 Nxd3 12. Qxd3 Rc8 13. Be3 Nd7 14. Rab1 a6
15. a4 Qc7 16. Qc4 Nf6 17. Rf3 Qa5 18. e5 dxe5 19. fxe5 Nd7 20. Rf2 Bxe5 21.
Rbf1 Qb4 22. Qe2 f5 23. Bh6 Rfe8 24. Kh1 Qxb2 25. Nd1 Qd4 26. c4 Nf6 27. Ne3
Ne4 28. Rf3 Qd2 29. Qe1 Qxe1 30. Rxe1 Nd2 31. Rxf5 gxf5 32. Nxf5 Nxc4 33. Re4
b5 34. axb5 axb5 35. Rg4+ Kh8 36. Bg7+ Bxg7 37. Rxg7 Nd6 0-1

[Event "XVII Festival Conca della Presolana Magistrale"]
[Site "Bratto - Castione della Presolana ITA"]
[Date "1997.08.??"]
[Round "9"]
[White "Rosino, Antonio"]
[Black "Nurkic, Sahbaz"]
[Result "0-1"]
[WhiteElo "2265"]
[BlackElo "2430"]
[PlyCount "80"]
[EventDate "1997.08.21"]

1. e4 g6 2. d4 Bg7 3. c4 d6 4. Nc3 Nc6 5. Nge2 Nf6 6. h3 O-O 7. Be3 e5 8. d5
Ne7 9. c5 dxc5 10. Bxc5 Ne8 11. g4 Nd6 12. Ng3 b6 13. Ba3 a6 14. Bd3 Bb7 15.
Qd2 c6 16. O-O cxd5 17. Nxd5 Nxd5 18. exd5 Re8 19. Ne4 Bf8 20. Nxd6 Bxd6 21.
Bxd6 Qxd6 22. Be4 Rf8 23. Qd3 Kh8 24. Rad1 Rad8 25. g5 h6 26. h4 hxg5 27. hxg5
Kg7 28. Rfe1 Rh8 29. Qg3 f5 30. gxf6+ Qxf6 31. d6 Rh5 32. Qd3 Rf8 33. Rd2 Bxe4
34. Rxe4 Qg5+ 35. Kf1 Rh1+ 36. Ke2 Qh5+ 37. f3 Qh2+ 38. Ke3 Re1+ 39. Re2 Qg1+
40. Kd2 Rd1+ 0-1

[Event "XVII Festival Conca della Presolana Magistrale"]
[Site "Bratto - Castione della Presolana ITA"]
[Date "1997.08.??"]
[Round "9"]
[White "Samaritani, Fabio"]
[Black "Lagrotteria, Salvatore"]
[Result "1-0"]
[WhiteElo "2180"]
[BlackElo "2225"]
[PlyCount "72"]
[EventDate "1997.08.21"]

1. e4 c5 2. Nf3 Nc6 3. d4 cxd4 4. Nxd4 Nf6 5. Nc3 d6 6. Bg5 e6 7. Qd2 a6 8.
O-O-O h6 9. Be3 Be7 10. f4 Nxd4 11. Bxd4 b5 12. Qe3 Qc7 13. e5 dxe5 14. fxe5
Nd7 15. Ne4 Bb7 16. Nd6+ Qxd6 17. exd6 Bg5 18. Qxg5 hxg5 19. Bxg7 Rh4 20. Bc3
f5 21. h3 Kf7 22. Rh2 b4 23. g3 Re4 24. Bd2 Nc5 25. Bg2 Rd4 26. Bxb7 Nxb7 27.
Bxg5 Rxd6 28. Rxd6 Nxd6 29. Rd2 Ne4 30. Rd7+ Ke8 31. Rh7 Rc8 32. Rh8+ Kd7 33.
Rxc8 Kxc8 34. Bf4 Kd7 35. h4 Ke7 36. Be5 Kf7 1-0

[Event "XVII Festival Conca della Presolana Magistrale"]
[Site "Bratto - Castione della Presolana ITA"]
[Date "1997.08.??"]
[Round "9"]
[White "Sbarra, Marco"]
[Black "Alberton, Roberto"]
[Result "0-1"]
[WhiteElo "2280"]
[BlackElo "2190"]
[PlyCount "80"]
[EventDate "1997.08.21"]

1. d4 f5 2. g3 Nf6 3. Bg2 g6 4. b3 Bg7 5. Bb2 O-O 6. Nd2 d6 7. Ngf3 e5 8. dxe5
Ng4 9. O-O Nxe5 10. Nxe5 dxe5 11. Nc4 e4 12. Bxg7 Kxg7 13. Qxd8 Rxd8 14. Rad1
Re8 15. f3 exf3 16. Bxf3 Nc6 17. Bxc6 bxc6 18. Na5 Rxe2 19. Rf2 Re5 20. Nxc6
Rc5 21. Nd8 a5 22. Rd4 Ra6 23. Re2 Kf8 24. c4 Rb6 25. Kf2 a4 26. Re3 Ra5 27. h4
axb3 28. axb3 Ra3 29. Rdd3 c5 30. Kf3 Raa6 31. Kf4 Rd6 32. Kg5 Rd4 33. Rxd4
cxd4 34. Rd3 Rd6 35. Nc6 Rxc6 36. Rxd4 Kg7 37. b4 h6+ 38. Kf4 Kf6 39. b5 Rc5
40. Rd6+ Be6 0-1

[Event "XVII Festival Conca della Presolana Magistrale"]
[Site "Bratto - Castione della Presolana ITA"]
[Date "1997.08.??"]
[Round "9"]
[White "Scagliarini, Bruno"]
[Black "Barbafiera, Luigi"]
[Result "0-1"]
[WhiteElo "1974"]
[BlackElo "1900"]
[PlyCount "62"]
[EventDate "1997.08.21"]

1. c4 e6 2. g3 d5 3. Bg2 c6 4. b3 Nf6 5. Nf3 g6 6. Bb2 Bg7 7. O-O O-O 8. d4
Nbd7 9. Nc3 b6 10. cxd5 exd5 11. e3 Bb7 12. Rc1 Rc8 13. Bh3 Ne4 14. Nxe4 dxe4
15. Ne5 f5 16. Ba3 Nxe5 17. dxe5 Re8 18. Qxd8 Rcxd8 19. Rfd1 Bxe5 20. g4 f4 21.
exf4 Bxf4 22. Rb1 e3 23. fxe3 Bxe3+ 24. Kf1 Ba6+ 25. Kg2 c5 26. Kh1 Be2 27. Re1
Bf3+ 28. Bg2 Bxg4 29. Bb2 Bd4 30. h3 Bf5 31. Bxd4 Bxb1 0-1

[Event "XVII Festival Conca della Presolana Magistrale"]
[Site "Bratto - Castione della Presolana ITA"]
[Date "1997.08.??"]
[Round "9"]
[White "Smirin, Ilia"]
[Black "Efimov, Igor"]
[Result "1-0"]
[WhiteElo "2600"]
[BlackElo "2540"]
[PlyCount "67"]
[EventDate "1997.08.21"]

1. e4 e6 2. d4 d5 3. Nd2 Nf6 4. e5 Ne4 5. Ngf3 Nxd2 6. Bxd2 b6 7. Ng5 h6 8. Nh3
Qd7 9. a4 a5 10. Nf4 Ba6 11. Bxa6 Rxa6 12. Nh5 Qc6 13. O-O Nd7 14. b3 g6 15.
Nf4 Ra8 16. c4 dxc4 17. Rc1 g5 18. Rxc4 Qb7 19. Nh5 Be7 20. f4 b5 21. axb5 Nb6
22. Rc2 gxf4 23. Nxf4 Rd8 24. Bxa5 Rg8 25. Rc6 Rg5 26. Qc2 Qa7 27. Bxb6 cxb6
28. Rc7 Qa8 29. d5 Bc5+ 30. Rxc5 bxc5 31. Qh7 c4 32. Nxe6 Rxg2+ 33. Kh1 Rf2 34.
Nc7+ 1-0

[Event "XVII Festival Conca della Presolana Magistrale"]
[Site "Bratto - Castione della Presolana ITA"]
[Date "1997.08.??"]
[Round "9"]
[White "Temi, Walter"]
[Black "Sgorlon, Felice"]
[Result "1/2-1/2"]
[WhiteElo "2110"]
[BlackElo "2031"]
[PlyCount "39"]
[EventDate "1997.08.21"]

1. e4 e5 2. Nf3 Nc6 3. Nc3 Nf6 4. g3 d6 5. Bg2 Be7 6. h3 O-O 7. O-O Be6 8. d4
exd4 9. Nxd4 Nxd4 10. Qxd4 c6 11. Bf4 Qb6 12. Rfd1 Qxd4 13. Rxd4 Rfd8 14. Rad1
Ne8 15. a4 Kf8 16. R4d2 f5 17. e5 dxe5 18. Rxd8 Rxd8 19. Rxd8 Bxd8 20. Bxe5
1/2-1/2

[Event "IX Festival Magistrale"]
[Site "Porto San Giorgio ITA"]
[Date "1997.08.20"]
[Round "1"]
[White "Borgo, Giulio"]
[Black "Dallaglio, Giovanni"]
[Result "1-0"]
[WhiteElo "2370"]
[BlackElo "2085"]
[PlyCount "39"]
[EventDate "1997.08.20"]

1.e4 c5 2.Nf3 g6 3.c3 Bg7 4.d4 cxd4 5.cxd4 d5 6.e5 Nc6 7.h3 Nh6 8.Nc3 O-O 
9.Be2 f6 10.exf6 exf6 11.Bf4 Be6 12.O-O Qd7 13.Na4 b6 14.Rc1 g5 15.Bh2 Nf5
16.Bb5 Nfe7 17.Re1 Rfe8 18.Re3 Qc8 19.Bd6 Bd7 20.Bxe7 1-0

[Event "IX Festival Magistrale"]
[Site "Porto San Giorgio ITA"]
[Date "1997.08.20"]
[Round "1"]
[White "Cvitan, Ognjen"]
[Black "Suppa, Ercole"]
[Result "1-0"]
[WhiteElo "2570"]
[BlackElo "2160"]
[PlyCount "67"]
[EventDate "1997.08.20"]

1.d4 g6 2.e4 Bg7 3.Nf3 d6 4.Bc4 Nf6 5.Qe2 O-O 6.e5 dxe5 7.dxe5 Nd5 8.h3 c6
9.O-O Na6 10.Rd1 Nac7 11.Bb3 Qe8 12.c4 Nb6 13.Nc3 Be6 14.Ne4 Rd8 15.Be3 
Rxd1+ 16.Rxd1 Nd7 17.Bd4 b6 18.Bc3 h6 19.Ba4 Qa8 20.Bc2 Rd8 21.b3 Nf8 22.
Nd4 c5 23.Nf3 Bf5 24.Ng3 Rxd1+ 25.Bxd1 Qc8 26.Nxf5 Qxf5 27.Bc2 Qd7 28.Kh2 
Nce6 29.Qe4 Qc7 30.g3 Nd7 31.h4 h5 32.Qa8+ Qb8 33.Qd5 Qc7 34.Bxg6 1-0

[Event "IX Festival Magistrale"]
[Site "Porto San Giorgio ITA"]
[Date "1997.08.20"]
[Round "1"]
[White "De Vita, Igor"]
[Black "Zlochevskij, Alexander"]
[Result "1/2-1/2"]
[WhiteElo "2115"]
[BlackElo "2440"]
[PlyCount "58"]
[EventDate "1997.08.20"]

1.c4 g6 2.Nc3 Bg7 3.Nf3 c5 4.d4 cxd4 5.Nxd4 Nc6 6.Nxc6 bxc6 7.e4 Rb8 8.Be2
Qa5 9.Qc2 Nf6 10.O-O d6 11.Bd2 c5 12.Nd5 Qd8 13.Bc3 O-O 14.Nxf6+ Bxf6 15.
Bxf6 exf6 16.Rad1 Qe7 17.b3 Rb6 18.Rd2 Bb7 19.f3 Qe5 20.Rfd1 Re8 21.Bf1 
Kf8 22.Rd3 Re6 23.Qc3 Qxc3 24.Rxc3 Re8 25.Kf2 Rb8 26.Bd3 Ke7 27.Bc2 Ra6 
28.a4 Re8 29.Re3 Kd7 1/2-1/2

[Event "IX Festival Magistrale"]
[Site "Porto San Giorgio ITA"]
[Date "1997.08.20"]
[Round "1"]
[White "Garofalo, Pietro"]
[Black "Rotstein, Arkadij"]
[Result "0-1"]
[WhiteElo "2120"]
[BlackElo "2455"]
[PlyCount "50"]
[EventDate "1997.08.20"]

1.d4 Nf6 2.Nf3 e6 3.e3 b6 4.Bd3 Bb7 5.O-O c5 6.Nbd2 Nc6 7.c3 Be7 8.Re1 O-O
9.a3 d5 10.dxc5 bxc5 11.e4 Qc7 12.b4 Rad8 13.Qc2 h6 14.b5 Na5 15.c4 dxe4 
16.Nxe4 Rxd3 17.Qxd3 Nxe4 18.Rxe4 Rd8 19.Bf4 Rxd3 20.Bxc7 Bxe4 21.Bxa5 Bf6
22.Re1 Bxf3 23.gxf3 Rxa3 24.Bd2 Bd4 25.Kf1 Rxf3 0-1

[Event "IX Festival Magistrale"]
[Site "Porto San Giorgio ITA"]
[Date "1997.08.20"]
[Round "1"]
[White "Golubovic, Boris"]
[Black "Facchetti, Gianni"]
[Result "1-0"]
[WhiteElo "2435"]
[BlackElo "2115"]
[PlyCount "79"]
[EventDate "1997.08.20"]

1.e4 e5 2.Nf3 Nc6 3.d4 exd4 4.Nxd4 Bc5 5.Be3 Qf6 6.c3 Nge7 7.g3 d6 8.Bg2 
Nxd4 9.cxd4 Bb6 10.O-O Qg6 11.Nc3 c6 12.Re1 O-O 13.d5 Bxe3 14.Rxe3 Rd8 15.
dxc6 bxc6 16.Qa4 Bd7 17.Rd1 Nc8 18.Qa5 Nb6 19.b3 Be8 20.Red3 Qe6 21.Ne2 
Qe7 22.Qd2 Nc8 23.Nd4 g6 24.h4 Rb8 25.Rc3 c5 26.Nc2 Bd7 27.Ne3 f6 28.h5 
Rf8 29.hxg6 hxg6 30.Nc4 Bg4 31.f3 Be6 32.Nxd6 Rd8 33.Nf5 gxf5 34.Qxd8+ 
Qxd8 35.Rxd8+ Kf7 36.exf5 Bxf5 37.Rxc5 Ke7 38.Rh8 Be6 39.Rc7+ Kd6 40.Rxa7 
1-0

[Event "IX Festival Magistrale"]
[Site "Porto San Giorgio ITA"]
[Date "1997.08.20"]
[Round "1"]
[White "Khenkin, Igor"]
[Black "De Vita, Gianni"]
[Result "1-0"]
[WhiteElo "2550"]
[BlackElo "2155"]
[PlyCount "48"]
[EventDate "1997.08.20"]

1.d4 d5 2.c4 c6 3.Nf3 e6 4.Bg5 Be7 5.Bxe7 Qxe7 6.e3 f5 7.Nc3 Nf6 8.Bd3 O-O
9.Qc2 Ne4 10.g4 g6 11.gxf5 gxf5 12.Rg1+ Kh8 13.O-O-O Nd7 14.Kb1 b6 15.h4 
Bb7 16.Ng5 Rg8 17.f3 Nxg5 18.hxg5 Rxg5 19.Qh2 Rag8 20.Rxg5 Rxg5 21.cxd5 c5
22.Qc7 cxd4 23.dxe6 Qxe6 24.Bc4 Qc6 1-0

[Event "IX Festival Magistrale"]
[Site "Porto San Giorgio ITA"]
[Date "1997.08.20"]
[Round "1"]
[White "Nataf, Igor-Alexandre"]
[Black "Tribuiani, Renato"]
[Result "1-0"]
[WhiteElo "2440"]
[BlackElo "2120"]
[PlyCount "51"]
[EventDate "1997.08.20"]

1.e4 Nc6 2.Nf3 d6 3.d4 Bg4 4.Be3 e5 5.d5 Nb8 6.h3 Bh5 7.Nc3 Be7 8.g4 Bg6 
9.h4 h5 10.g5 Nd7 11.Bh3 Qb8 12.Qe2 a6 13.Nd2 b5 14.Qf3 Bd8 15.a4 Ne7 16.
O-O b4 17.Ne2 Nc5 18.Bxc5 dxc5 19.Nc4 b3 20.Nxe5 bxc2 21.Bd7+ Kf8 22.Be6 
Kg8 23.Nxg6 fxe6 24.Qf8+ Kh7 25.Qxh8+ Kxg6 26.Nf4+ 1-0

[Event "IX Festival Magistrale"]
[Site "Porto San Giorgio ITA"]
[Date "1997.08.20"]
[Round "1"]
[White "Negrini, Claudio"]
[Black "Dinser, Hans"]
[Result "1-0"]
[WhiteElo "2310"]
[BlackElo "2055"]
[PlyCount "53"]
[EventDate "1997.08.20"]

1.e4 c5 2.Nf3 d6 3.c4 e5 4.Nc3 Nc6 5.d3 Bg4 6.Be2 Nge7 7.Bg5 f6 8.Be3 Ng6 
9.Nxe5 Bxe2 10.Nxc6 Bxd1 11.Nxd8 Bg4 12.Nxb7 Rb8 13.Na5 Rxb2 14.h3 Bd7 15.
O-O Be7 16.Rfb1 Rc2 17.Nd5 Bd8 18.Rb8 O-O 19.Nb7 Bb6 20.Rxf8+ Kxf8 21.Rb1 
Rxa2 22.Nxb6 axb6 23.Rxb6 Ne5 24.Rxd6 Ra1+ 25.Kh2 Rd1 26.f4 Nxc4 27.dxc4 
1-0

[Event "IX Festival Magistrale"]
[Site "Porto San Giorgio ITA"]
[Date "1997.08.21"]
[Round "2"]
[White "Cebalo, Miso"]
[Black "Mola, Pietro"]
[Result "1-0"]
[WhiteElo "2485"]
[BlackElo "2190"]
[PlyCount "63"]
[EventDate "1997.08.20"]

1.d4 Nf6 2.Nf3 e6 3.c4 b6 4.a3 Ba6 5.e3 Be7 6.Bd3 d5 7.b3 O-O 8.O-O c5 9.
Bb2 cxd4 10.exd4 Nc6 11.Qe2 Rc8 12.Nbd2 Re8 13.Rfd1 Bf8 14.Rac1 g6 15.g3 
dxc4 16.bxc4 Bg7 17.Nf1 Qd6 18.Ne3 Red8 19.d5 Na5 20.Nd4 exd5 21.cxd5 Rxc1
22.Rxc1 Bb7 23.Nb5 Qb8 24.d6 a6 25.Nc7 Nb3 26.Rd1 Rxd6 27.Bxa6 Rxd1+ 28.
Qxd1 Be4 29.Bxf6 Qxc7 30.Bxg7 Nc5 31.Ba1 Nxa6 32.Qd4 1-0

[Event "IX Festival Magistrale"]
[Site "Porto San Giorgio ITA"]
[Date "1997.08.21"]
[Round "2"]
[White "Glek, Igor V."]
[Black "Isonzo, David"]
[Result "1-0"]
[WhiteElo "2505"]
[BlackElo "2205"]
[PlyCount "49"]
[EventDate "1997.08.20"]

1.e4 c5 2.Nf3 d6 3.d4 cxd4 4.Nxd4 Nf6 5.Nc3 a6 6.a4 e5 7.Nf3 Be6 8.Ng5 Qc7
9.Nxe6 fxe6 10.g3 Be7 11.Bh3 Qc4 12.a5 Nxe4 13.Qg4 d5 14.Ra4 Bb4 15.Qxe6+ 
Kf8 16.Rxb4 Qxb4 17.Qc8+ Kf7 18.Qxh8 Nxc3 19.O-O Ne2+ 20.Kh1 Nxc1 21.Rxc1 
Qxb2 22.Re1 e4 23.Qc8 Qb5 24.c4 Qb4 25.Rd1 1-0

[Event "IX Festival Magistrale"]
[Site "Porto San Giorgio ITA"]
[Date "1997.08.21"]
[Round "2"]
[White "Insabato, Giovanbattista"]
[Black "Borgo, Giulio"]
[Result "1-0"]
[WhiteElo "1849"]
[BlackElo "2370"]
[PlyCount "75"]
[EventDate "1997.08.20"]

1.Nf3 d5 2.g3 Bg4 3.Bg2 Nd7 4.d3 Ngf6 5.Nbd2 e5 6.e4 c6 7.O-O Bd6 8.Re1 
O-O 9.Nf1 Re8 10.h3 Bh5 11.g4 Bg6 12.Ng3 Qc7 13.Nh4 dxe4 14.dxe4 Nc5 15.g5
Nfd7 16.Nhf5 Bf8 17.Qg4 Ne6 18.c3 Ndc5 19.Bf1 Rad8 20.h4 Nf4 21.Be3 Ncd3 
22.Bxd3 Nxd3 23.Re2 Bc5 24.Bxc5 Nxc5 25.Ne3 h5 26.gxh6 Ne6 27.h5 Bh7 28.
hxg7 Nf4 29.Ree1 Re6 30.Nef5 Bxf5 31.Nxf5 Kh7 32.Rad1 Rg8 33.Rd2 Rh6 34.
Red1 Nxh5 35.Rd6 Rg6 36.Rxg6 fxg6 37.Rd6 Qf7 38.Qxh5+ 1-0

[Event "IX Festival Magistrale"]
[Site "Porto San Giorgio ITA"]
[Date "1997.08.21"]
[Round "2"]
[White "Marchiando, Giorgio"]
[Black "Mrdja, Milan"]
[Result "0-1"]
[WhiteElo "1900"]
[BlackElo "2390"]
[PlyCount "50"]
[EventDate "1997.08.20"]

1.e4 c5 2.f4 Nc6 3.Nf3 e6 4.Bb5 Nge7 5.Nc3 a6 6.Bxc6 Nxc6 7.d4 cxd4 8.Nxd4
Qc7 9.Be3 b5 10.a3 Na5 11.O-O Nc4 12.Qf3 Bb7 13.Rae1 Bc5 14.Kh1 O-O 15.
Nce2 f5 16.Ng3 fxe4 17.Nxe4 e5 18.Nf5 Nxe3 19.Nxe3 Rxf4 20.Nd5 Rxf3 21.
Nxc7 Rxf1+ 22.Rxf1 Bxe4 23.Re1 Rc8 24.Nxa6 Bb7 25.Nxc5 Rxc5 0-1

[Event "IX Festival Magistrale"]
[Site "Porto San Giorgio ITA"]
[Date "1997.08.21"]
[Round "2"]
[White "Moroder, Thomas"]
[Black "Arlandi, Ennio"]
[Result "0-1"]
[WhiteElo "2170"]
[BlackElo "2470"]
[PlyCount "70"]
[EventDate "1997.08.20"]

1.Nf3 Nf6 2.c4 e6 3.g3 d5 4.b3 Be7 5.Bg2 O-O 6.O-O b6 7.Bb2 Bb7 8.d3 c5 9.
Nbd2 Nc6 10.a3 Qc7 11.e4 dxe4 12.dxe4 Rad8 13.Qc2 e5 14.Rad1 Rfe8 15.Rfe1 
Bf8 16.Nf1 Rxd1 17.Qxd1 Nd4 18.N3d2 g6 19.Ne3 Bg7 20.Nd5 Nxd5 21.cxd5 b5 
22.Bf1 Qa5 23.b4 cxb4 24.Bxd4 exd4 25.Nb3 Qxa3 26.Bxb5 Rc8 27.Nxd4 Qc3 28.
Nb3 Qc7 29.Qd3 Qb6 30.Ba4 Rc3 31.Qe2 Ba6 32.Qd1 Be5 33.Kg2 Bd3 34.Nc1 Qd4 
35.Qg4 f5 0-1

[Event "IX Festival Magistrale"]
[Site "Porto San Giorgio ITA"]
[Date "1997.08.21"]
[Round "2"]
[White "Rotstein, Arkadij"]
[Black "Ubezio, Marco"]
[Result "1-0"]
[WhiteElo "2455"]
[BlackElo "2185"]
[PlyCount "63"]
[EventDate "1997.08.20"]

1.e4 g6 2.f4 c6 3.d4 d5 4.e5 h5 5.Nf3 Bg4 6.Be3 Nh6 7.Nbd2 Nf5 8.Bf2 e6 9.
c3 Nd7 10.Bd3 c5 11.h3 Bxf3 12.Nxf3 Qb6 13.Rb1 Be7 14.O-O O-O-O 15.Qe2 Kb8
16.b4 cxb4 17.cxb4 Rc8 18.a4 Rc3 19.a5 Qc7 20.Rfd1 Qd8 21.Qd2 Rc8 22.b5 
Nh4 23.Ng5 Bxg5 24.fxg5 Nf5 25.b6 a6 26.Rdc1 Qe7 27.Rc7 Rxc7 28.bxc7+ Kxc7
29.Qc3+ Kb8 30.Bxa6 Ka7 31.Rxb7+ Kxa6 32.Qc6+ 1-0

[Event "IX Festival Magistrale"]
[Site "Porto San Giorgio ITA"]
[Date "1997.08.21"]
[Round "2"]
[White "Safranska, Anda"]
[Black "Khenkin, Igor"]
[Result "0-1"]
[WhiteElo "2270"]
[BlackElo "2550"]
[PlyCount "90"]
[EventDate "1997.08.20"]

1.e4 c6 2.d3 d5 3.Nd2 g6 4.Ngf3 Bg7 5.g3 e5 6.Bg2 Ne7 7.O-O O-O 8.b3 d4 9.
a4 c5 10.Nc4 Nbc6 11.Bd2 h6 12.c3 dxc3 13.Bxc3 Qc7 14.Rc1 Be6 15.Qe2 a6 
16.Qb2 b5 17.axb5 axb5 18.Ne3 Rfd8 19.b4 Rxd3 20.Ne1 Rdd8 21.Nd5 Nxd5 22.
exd5 Bxd5 23.Bxd5 Rxd5 24.bxc5 Rxc5 25.Nd3 Rd5 26.Nf4 Rc5 27.Nd3 Rd5 28.
Nf4 Rd6 29.Bxe5 Nxe5 30.Rxc7 Nf3+ 31.Kg2 Bxb2 32.Kxf3 b4 33.Rb7 Bc3 34.Ne2
Bd2 35.Kg2 Ra2 36.Ng1 Bc3 37.Nf3 Kg7 38.h4 Re6 39.h5 g5 40.Nh2 Raa6 41.Rd1
Rab6 42.Rdd7 b3 43.Rxf7+ Kg8 44.Rfc7 Rxb7 45.Rxb7 b2 0-1

[Event "IX Festival Magistrale"]
[Site "Porto San Giorgio ITA"]
[Date "1997.08.21"]
[Round "2"]
[White "Sebastianelli, Diego"]
[Black "Dautov, Rustem"]
[Result "1-0"]
[WhiteElo "2345"]
[BlackElo "2595"]
[PlyCount "89"]
[EventDate "1997.08.20"]

1.e4 c6 2.d4 d5 3.e5 c5 4.dxc5 e6 5.Be3 Nh6 6.c3 Nf5 7.Bd4 Nxd4 8.cxd4 b6 
9.c6 Nxc6 10.Nf3 Bd7 11.Nc3 Bb4 12.Rc1 a6 13.Bd3 b5 14.O-O Qb6 15.Bb1 Be7 
16.Ne2 f6 17.exf6 gxf6 18.Nf4 Bd6 19.Nh5 Kf7 20.Qd2 h6 21.Rfe1 Rag8 22.Qe3
Rg5 23.Nxf6 Kxf6 24.Ne5 Qc7 25.Qf3+ Rf5 26.Bxf5 exf5 27.Qxd5 Bxe5 28.dxe5+
Kg7 29.e6 Be8 30.Qxf5 Rf8 31.Qg4+ Kh8 32.e7 Rg8 33.Qe6 Kh7 34.Qe4+ Rg6 35.
h4 h5 36.Rc5 Kg7 37.Rxh5 Qd6 38.Rg5 Rxg5 39.hxg5 Qg6 40.Qd5 Qf7 41.Qd6 Qg6
42.Qc5 Qd3 43.f4 Qg6 44.Qd5 Qh5 45.Qd6 1-0